000 00594nam a2200157 a 4500
001 000032964
005 20200930065936.0
008 110804s1960 xxu 000 0 spa d
040 _aDO-SdBNP
_bspa
_cBNPHU
082 _axxxx
_bO69
100 1 _aGenao, Francisco C.
_958703
245 1 0 _aOrigen histórico de la dictadura en Santo Domingo y medidas que pueden prevenir su repetición. :
_bconferencia pronunciada en Chicago con motivo del 116 aniversario de la indepencia Dominicana /
_cFrancisco C. Genao.
260 _aChicago, :
_b[s.n.],
_c1960.
300 _a36 p. ;
_c14 cm.
049 _aBNPD
999 _c32455
_d32455